Datum a čas kvízu
35.5
Celkem bodů
Celkový počet nahraných bodů na tomto kvízu bez doplňovacích otázek.
1.
Pořadí na kvízu
Konečné umístění týmu na tomto kvízu.
Zaznamenané odpovědi
| # | Otázka | Odpověď | Body | Výsledky |
|---|---|---|---|---|
| 1. | Minulý týden jsme se dozvěděli... | konipas | 1 | |
| 2. | V Dánsku se stala hitem satiri... | California | 1 | |
| 3. | Který 56letý americký rockový... | Marilyn Manson | 1 | |
| 4. | V úterý byl představen Index p... | Turnov, Luhačovice | 0.5 | |
| 5. | Ve středu byl v městečku Lenze... | ve Švýcarsku | 1 | |
| 6. | Vítězné téma facebookového hla... | Augustus | 1 | |
| 7. | Který evropský diktátor dopadl... | Benito Mussolini | 1 | |
| 8. | Od smrti severokorejského dikt... | Václav Havel | 1 | |
| 9. | Který diktátor se nechal před... | Alexandr Lukašenko | 1 | |
| 10. | Ve které jihoasijské zemi vlád... | Kambodža, Rudí Khmerové | 1 |